00897nam a2200289Ia 450000500170000000800370001702000180005402000150007204100080008708200180009510000360011324500400014925000180018930000250020750000550023265000310028765000380031865000400035665000330039694200120042926400280044133600270046933700330049633800280052904000350055799900150059220220317001852.0170410s2013 c g 000 0 s a9789584230034 a9584230034 aspa04a079.861bC17o1 aCastro Caycedo, Germánd1940-10aObjetivo 4cGermán Castro Caycedo a2a. edición a402 páginasc23 cm aIncluye datos biográficos del autor en la solapa142LEMBaPeriodismozColombia142LEMBaPeriodismovInvestigaciones142LEMBaViolenciaySiglo XXzColombia142LEMBaCrónicas colombianas 2ddccBK aBogotábPlanetac2013 atextobtxt2rdacontent asin mediaciónbn2rdamedia avolumenbnc2rdacarrier aCO-BoRNBPbspaerdacCO-BoRNBP c8360d8360